| 000 | 00768cam a22002413a 4500 | ||
|---|---|---|---|
| 001 | 6433 | ||
| 003 | PGUSA | ||
| 005 | 20140828083132.0 | ||
| 008 | 040901s2004||||xxu|||||s|||||000 1 eng d | ||
| 040 |
_aPGUSA _beng |
||
| 042 | _adc | ||
| 050 | 4 | _aPZ | |
| 100 | 1 |
_aStratemeyer, Edward, _d1862-1930 |
|
| 245 | 1 | 0 |
_aOn the Trail of Pontiac; Or, The Pioneer Boys of the Ohio _h[electronic resource] / _cEdward Stratemeyer |
| 260 |
_bProject Gutenberg, _c2004 |
||
| 506 | _aPublic domain in the USA. | ||
| 516 | _aElectronic text | ||
| 653 | _aPontiac, Ottawa Chief, d. 1769 -- Juvenile fiction | ||
| 653 | _aPontiac's Conspiracy, 1763-1765 -- Juvenile fiction | ||
| 830 | 0 |
_aProject Gutenberg _v6433 |
|
| 856 | 4 | 0 | _uhttp://www.gutenberg.org/ebooks/6433 |
| 942 | _cEB | ||
| 999 |
_c235756 _d235756 |
||